[Event "Sitges Sunway op 10th"]
[Site "Sitges"]
[Date "2023.12.15"]
[Round "4"]
[White "Minnema, Rens"]
[Black "Schulman, Julia"]
[Result "1/2-1/2"]
[WhiteElo "1864"]
[BlackElo "1640"]
[PlyCount "77"]
[EventDate "2023.12.12"]
[EventType "swiss"]
[EventRounds "10"]
[EventCountry "ESP"]
[SourceTitle "CB52_2023"]
[SourceDate "2023.12.27"]
[SourceVersion "1"]
[SourceVersionDate "2023.12.27"]
[SourceQuality "1"]

1. e4 c5 2. Nf3 d6 3. d4 cxd4 4. Nxd4 Nf6 5. Nc3 Nc6 6. Be2 g6 7. Be3 Bg7 8. f3 0-0 9. Qd2 Bd7 10. g4 Rc8 11. h4 h5 12. g5 Ne8 13. Nxc6 Bxc6 14. Bd4 Qa5 15. 0-0-0 b5 16. Bxg7 Nxg7 17. Kb1 b4 18. Nd5 Bxd5 19. exd5 Rc5 20. b3 Rfc8 21. Bc4 Nf5 22. Rde1 Qb6 23. Qf4 a5 24. Rh2 a4 25. Rhe2 R8c7 26. Re4 Rb7 27. R4e2 Rcc7 28. Rd2 Ra7 29. Bd3 Ng7 30. Bc4 Rcb7 31. Bd3 Qd8 32. Qd4 Qc8 33. Rf2 Qh3 34. Qf4 Qc8 35. Qd4 Nf5 36. Bxf5 Qxf5 37. Qc4 Qd7 38. Qd4 Qc8 39. Re3 1/2-1/2

[Event "Vlissingen HZ op 23rd"]
[Site "Vlissingen"]
[Date "2019.08.09"]
[Round "8"]
[White "Van De Laar, Andre"]
[Black "Minnema, Rens"]
[Result "1/2-1/2"]
[WhiteElo "1699"]
[BlackElo "1861"]
[PlyCount "33"]
[EventDate "2019.08.03"]
[EventType "swiss"]
[EventRounds "9"]
[EventCountry "NED"]
[SourceTitle "CBM 191 Extra"]
[Source "ChessBase"]
[SourceDate "2019.09.30"]
[SourceVersion "1"]
[SourceVersionDate "2019.09.30"]
[SourceQuality "1"]

1. c4 d6 2. g3 e5 3. Bg2 f5 4. d3 Be7 5. Nc3 c6 6. Nf3 Be6 7. e3 Nd7 8. 0-0 g5 9. Ne1 h5 10. b3 Ngf6 11. d4 e4 12. d5 Bf7 13. f3 exf3 14. Nxf3 Qa5 15. Bd2 Ng4 16. dxc6 bxc6 17. Nd5 1/2-1/2

[Event "Vlissingen HZ op 23rd"]
[Site "Vlissingen"]
[Date "2019.08.06"]
[Round "5"]
[White "Minnema, Rens"]
[Black "Wagner, Margarethe"]
[Result "0-1"]
[WhiteElo "1861"]
[BlackElo "1660"]
[PlyCount "124"]
[EventDate "2019.08.03"]
[EventType "swiss"]
[EventRounds "9"]
[EventCountry "NED"]
[SourceTitle "CBM 191 Extra"]
[Source "ChessBase"]
[SourceDate "2019.09.30"]
[SourceVersion "1"]
[SourceVersionDate "2019.09.30"]
[SourceQuality "1"]

1. e4 c5 2. d4 cxd4 3. c3 dxc3 4. Nxc3 Nc6 5. Nf3 d6 6. Bc4 a6 7. 0-0 Nf6 8. e5 dxe5 9. Qxd8+ Nxd8 10. Nxe5 e6 11. Rd1 Be7 12. Be3 b5 13. Be2 Bb7 14. Bf3 Bxf3 15. gxf3 0-0 16. Rd3 Rc8 17. Rad1 Nc6 18. f4 Nb4 19. R3d2 Nbd5 20. Nxd5 Nxd5 21. Nd7 Rfd8 22. Nb6 Nxb6 23. Bxb6 Rxd2 24. Rxd2 Kf8 25. Kg2 Ke8 26. Ba5 Rc4 27. Kf3 Ra4 28. Bc3 Rxa2 29. Bxg7 f6 30. Re2 Kf7 31. Bh6 a5 32. f5 e5 33. Bc1 Ra4 34. Rc2 Rd4 35. Be3 Rb4 36. Bd2 Rb3+ 37. Be3 a4 38. Ke4 Rb4+ 39. Kd3 e4+ 40. Kd2 Bd6 41. h3 Be5 42. Kc1 Rb3 43. Rd2 b4 44. h4 a3 45. bxa3 bxa3 46. Ra2 Bb2+ 47. Kd1 Rxe3 48. fxe3 Ke7 49. Kc2 Kd6 50. Rxb2 axb2 51. Kxb2 Ke5 52. Kc3 h5 53. Kc4 Kxf5 54. Kd4 Kg4 55. Kxe4 Kxh4 56. Kf4 Kh3 57. e4 Kg2 58. Kf5 h4 59. Kxf6 h3 60. e5 h2 61. e6 h1Q 62. e7 Qh5 0-1

[Event "Guernsey op 43rd"]
[Site "Vale"]
[Date "2017.10.21"]
[Round "7"]
[White "Minnema, Rens"]
[Black "Rowe, Oliver"]
[Result "1-0"]
[WhiteElo "1892"]
[BlackElo "1634"]
[PlyCount "35"]
[EventDate "2017.10.15"]
[EventType "swiss"]
[EventRounds "7"]
[EventCountry "GCI"]
[SourceTitle "CBM 181 Extra"]
[Source "ChessBase"]
[SourceDate "2017.12.12"]
[SourceVersion "1"]
[SourceVersionDate "2017.12.12"]
[SourceQuality "1"]

1. e4 d5 2. exd5 Qxd5 3. Nc3 Qd6 4. Bc4 Nf6 5. h3 a6 6. d4 b5 7. Qf3 Qc6 8. Qxc6+ Nxc6 9. Bd5 Nxd5 10. Nxd5 Nxd4 11. Nxc7+ Kd8 12. Nxa8 Nxc2+ 13. Ke2 Nxa1 14. Nf3 Nc2 15. Rd1+ Bd7 16. Ne5 Kc8 17. Rxd7 Kb8 18. Nb6 1-0

[Event "Gibraltar Masters 15th"]
[Site "Caleta"]
[Date "2017.02.02"]
[Round "10"]
[White "Minnema, Rens"]
[Black "Chilton, James I"]
[Result "0-1"]
[WhiteElo "1893"]
[BlackElo "1756"]
[PlyCount "80"]
[EventDate "2017.01.24"]
[EventType "swiss"]
[EventRounds "10"]
[EventCountry "GGB"]
[SourceTitle "EXT 2018"]
[Source "ChessBase"]
[SourceDate "2017.10.13"]
[SourceVersion "1"]
[SourceVersionDate "2017.10.13"]
[SourceQuality "1"]

1. e4 c5 2. Nf3 e6 3. d4 cxd4 4. Nxd4 a6 5. Be3 Nf6 6. Nd2 Qc7 7. Be2 Nc6 8. 0-0 d5 9. Nxc6 bxc6 10. Bf3 Bd6 11. h3 Rb8 12. Rb1 0-0 13. c3 Rd8 14. Qc2 a5 15. Rfd1 Ba6 16. Nf1 Nd7 17. Bg5 f6 18. Bh4 Bxf1 19. Rxf1 g5 20. Bg3 Bxg3 21. fxg3 Qxg3 22. Qa4 dxe4 23. Qxe4 Ne5 24. Bd1 f5 25. Qe2 Rd6 26. Bb3 Kh8 27. Rbe1 Ng6 28. Rf3 Qh4 29. Bxe6 Re8 30. g3 Rdxe6 31. gxh4 Rxe2 32. Rd1 Nxh4 33. Rg3 h6 34. Kf1 R2e3 35. Rxe3 Rxe3 36. Rd6 Kg7 37. Rxc6 Rxh3 38. Rc5 g4 39. Rxa5 g3 40. Ra7+ Kf6 0-1

[Event "Gibraltar Masters 15th"]
[Site "Caleta"]
[Date "2017.02.01"]
[Round "9"]
[White "Reuben, Stewart"]
[Black "Minnema, Rens"]
[Result "1-0"]
[WhiteElo "2076"]
[BlackElo "1893"]
[PlyCount "53"]
[EventDate "2017.01.24"]
[EventType "swiss"]
[EventRounds "10"]
[EventCountry "GGB"]
[SourceTitle "CBM 177"]
[Source "ChessBase"]
[SourceDate "2017.03.16"]
[SourceVersion "1"]
[SourceVersionDate "2017.03.16"]
[SourceQuality "1"]

1. d4 Nf6 2. c4 g6 3. g3 Bg7 4. Bg2 0-0 5. Nc3 c6 6. e4 d6 7. Nge2 Qc7 8. 0-0 Nbd7 9. h3 e5 10. Be3 Ne8 11. Qd2 f5 12. Bh6 Ndf6 13. Kh2 Nh5 14. Rad1 f4 15. Bxg7 Qxg7 16. Bf3 fxg3+ 17. fxg3 Nhf6 18. dxe5 dxe5 19. Qg5 Be6 20. Kg2 Bxc4 21. Qxe5 Nc7 22. Qd4 Be6 23. Nf4 Qe7 24. Qe5 Rad8 25. Nxe6 Nxe6 26. Be2 b5 27. Rxd8 1-0

[Event "Gibraltar Masters 15th"]
[Site "Caleta"]
[Date "2017.01.31"]
[Round "8"]
[White "Neumanova, Monika"]
[Black "Minnema, Rens"]
[Result "1/2-1/2"]
[WhiteElo "1707"]
[BlackElo "1893"]
[PlyCount "61"]
[EventDate "2017.01.24"]
[EventType "swiss"]
[EventRounds "10"]
[EventCountry "GGB"]
[SourceTitle "CBM 177"]
[Source "ChessBase"]
[SourceDate "2017.03.16"]
[SourceVersion "1"]
[SourceVersionDate "2017.03.16"]
[SourceQuality "1"]

1. d4 Nf6 2. c4 d6 3. Nc3 g6 4. e4 Bg7 5. f3 0-0 6. Be3 c6 7. Bd3 Nbd7 8. Qd2 Qc7 9. Nge2 e5 10. d5 a5 11. b3 Rd8 12. Bg5 Nc5 13. Bc2 Re8 14. 0-0 Kh8 15. Kh1 Ng8 16. g4 f6 17. Be3 Nd7 18. Rad1 c5 19. Ng3 Nf8 20. h4 Ne7 21. Bd3 Bd7 22. Qc2 Reb8 23. a4 Ng8 24. Rd2 Qd8 25. Rg2 Qe7 26. Qd2 Re8 27. Rh2 Rad8 28. Nd1 b6 29. Nf2 Bc8 30. Kg2 Bd7 31. Rfh1 1/2-1/2

[Event "Gibraltar Masters 15th"]
[Site "Caleta"]
[Date "2017.01.28"]
[Round "5"]
[White "Minnema, Rens"]
[Black "Kozarcanin, Sead"]
[Result "1/2-1/2"]
[WhiteElo "1893"]
[BlackElo "2069"]
[PlyCount "58"]
[EventDate "2017.01.24"]
[EventType "swiss"]
[EventRounds "10"]
[EventCountry "GGB"]
[SourceTitle "CBM 177"]
[Source "ChessBase"]
[SourceDate "2017.03.16"]
[SourceVersion "1"]
[SourceVersionDate "2017.03.16"]
[SourceQuality "1"]

1. e4 e5 2. Nf3 Nc6 3. Bb5 a6 4. Ba4 d6 5. 0-0 g6 6. Bxc6+ bxc6 7. d4 exd4 8. Qxd4 f6 9. Nc3 Be6 10. Be3 Bg7 11. Qa4 Qd7 12. Nd4 Ne7 13. Nxe6 Qxe6 14. Nd5 Qd7 15. Nxe7 Kxe7 16. f4 Rhb8 17. e5 Kf7 18. exf6 Bxf6 19. f5 gxf5 20. Bd4 Rb5 21. Bxf6 Kxf6 22. Qh4+ Kg7 23. Rae1 Re8 24. Qg5+ Kh8 25. Qf6+ Kg8 26. Qg5+ Kh8 27. Qf6+ Kg8 28. Qg5+ Kh8 29. Qf6+ Kg8 1/2-1/2

[Event "Gibraltar Masters 15th"]
[Site "Caleta"]
[Date "2017.01.27"]
[Round "4"]
[White "Tscharotschkin, Michael"]
[Black "Minnema, Rens"]
[Result "1-0"]
[WhiteElo "2190"]
[BlackElo "1893"]
[PlyCount "49"]
[EventDate "2017.01.24"]
[EventType "swiss"]
[EventRounds "10"]
[EventCountry "GGB"]
[SourceTitle "CBM 177"]
[Source "ChessBase"]
[SourceDate "2017.03.16"]
[SourceVersion "1"]
[SourceVersionDate "2017.03.16"]
[SourceQuality "1"]

1. Nf3 d6 2. d4 Nf6 3. g3 g6 4. Bg2 Bg7 5. 0-0 0-0 6. b3 c6 7. Bb2 Qc7 8. c4 Nbd7 9. Nc3 e5 10. e4 a6 11. d5 c5 12. Ne1 Ne8 13. Nd3 f5 14. f4 exf4 15. Nxf4 Ne5 16. exf5 Bxf5 17. Ne6 Bxe6 18. Rxf8+ Kxf8 19. dxe6 Qe7 20. Qf1+ Kg8 21. Nd5 Qxe6 22. Nb6 Nf3+ 23. Bxf3 Qe3+ 24. Kh1 Bxb2 25. Re1 1-0

[Event "Gibraltar Masters 15th"]
[Site "Caleta"]
[Date "2017.01.25"]
[Round "2"]
[White "Mikhalevski, Victor"]
[Black "Minnema, Rens"]
[Result "1-0"]
[WhiteElo "2504"]
[BlackElo "1893"]
[PlyCount "59"]
[EventDate "2017.01.24"]
[EventType "swiss"]
[EventRounds "10"]
[EventCountry "GGB"]
[SourceTitle "CBM 177"]
[Source "ChessBase"]
[SourceDate "2017.03.16"]
[SourceVersion "1"]
[SourceVersionDate "2017.03.16"]
[SourceQuality "1"]

1. d4 Nf6 2. Nf3 d6 3. g3 g6 4. Bg2 Bg7 5. 0-0 0-0 6. b3 c5 7. Bb2 Nc6 8. d5 Nb8 9. c4 Bf5 10. Nbd2 Qc8 11. Re1 Ne4 12. Bxg7 Kxg7 13. Nh4 Nxd2 14. Qxd2 Bh3 15. e4 Bxg2 16. Kxg2 f6 17. f4 Nd7 18. Nf3 h6 19. Qc3 Kh7 20. e5 fxe5 21. fxe5 Nxe5 22. Nxe5 dxe5 23. Rxe5 Rf7 24. Rae1 Qc7 25. Qe3 Re8 26. Re6 b6 27. Qe4 Rg7 28. d6 Qd7 29. Rxe7 Rgxe7 30. Qxe7+ 1-0

[Event "Gibraltar Masters 15th"]
[Site "Caleta"]
[Date "2017.01.24"]
[Round "1"]
[White "Minnema, Rens"]
[Black "Mihajlov, Sebastian"]
[Result "1/2-1/2"]
[WhiteElo "1893"]
[BlackElo "2384"]
[PlyCount "111"]
[EventDate "2017.01.24"]
[EventType "swiss"]
[EventRounds "10"]
[EventCountry "GGB"]
[SourceTitle "CBM 177"]
[Source "ChessBase"]
[SourceDate "2017.03.16"]
[SourceVersion "1"]
[SourceVersionDate "2017.03.16"]
[SourceQuality "1"]

1. e4 e6 2. d4 d5 3. exd5 exd5 4. Bd3 Nc6 5. c3 Bd6 6. Nf3 Bg4 7. 0-0 Nge7 8. Re1 Qd7 9. Bg5 f6 10. Bh4 0-0-0 11. Bg3 g5 12. Nbd2 h5 13. b4 Bxg3 14. fxg3 Rde8 15. b5 Nd8 16. Nb3 Ne6 17. Nc5 Qd6 18. Nxe6 Bxe6 19. Qc2 h4 20. gxh4 g4 21. Nd2 Rxh4 22. g3 Rhh8 23. Nb3 b6 24. a4 Kb8 25. a5 Nc8 26. axb6 cxb6 27. Nc1 Bd7 28. Na2 f5 29. Bxf5 Bxb5 30. Nb4 a5 31. Nd3 Bxd3 32. Qxd3 Qh6 33. Re2 Rxe2 34. Qxe2 Nd6 35. Bxg4 Re8 36. Qf2 Ne4 37. Qf4+ Qxf4 38. gxf4 Nxc3 39. f5 a4 40. Ra3 Rg8 41. h3 Ne2+ 42. Kf2 Nxd4 43. Rxa4 Nc6 44. f6 Rf8 45. Rf4 Kc7 46. f7 Ne5 47. Ke3 Rxf7 48. Rxf7+ Nxf7 49. Be6 Ng5 50. Bxd5 Nxh3 51. Kd4 Kd6 52. Bb3 Nf4 53. Kc4 Nd5 54. Kb5 Nb4 55. Kxb4 b5 56. Kxb5 1/2-1/2